Nao -se 'o go atanna "piu : -a 'seedhe. (Record no. 40830)
[ view plain ]
| 000 -LEADER | |
|---|---|
| fixed length control field | 00970nam a22002531a 4500 |
| 005 - DATE AND TIME OF LATEST TRANSACTION | |
| control field | 20110718133350.0 |
| 008 - FIXED-LENGTH DATA ELEMENTS--GENERAL INFORMATION | |
| fixed length control field | 091005s1992 001 0 eng d |
| 020 ## - INTERNATIONAL STANDARD BOOK NUMBER | |
| Terms of availability | 0.00 |
| 040 ## - CATALOGING SOURCE | |
| Original cataloging agency | NEGST Library - Kenya |
| 050 #4 - LIBRARY OF CONGRESS CALL NUMBER | |
| Classification number | BS 325.D36 1992 |
| 082 0# - DEWEY DECIMAL CLASSIFICATION NUMBER | |
| Classification number | BS 325.D36 1992 |
| 100 1# - MAIN ENTRY--PERSONAL NAME | |
| Personal name | International Bible Society. |
| 245 10 - TITLE STATEMENT | |
| Title | Nao -se 'o go atanna "piu : -a 'seedhe. |
| 260 ## - PUBLICATION, DISTRIBUTION, ETC. (IMPRINT) | |
| Place of publication, distribution, etc | Abidjan : |
| Name of publisher, distributor, etc | Societe Biblique Interna, |
| Date of publication, distribution, etc | 1992. |
| 300 ## - PHYSICAL DESCRIPTION | |
| Extent | vi, 824 p. : ill. |
| 500 ## - GENERAL NOTE | |
| General note | "Le Nouveau Testament en dan 'gweetaawu (yacouba) de Cote d'Ivoire." - T.p. verso. Cover title: Nao -se 'seedhe. Includes maps. [Africana] |
| 600 10 - SUBJECT ADDED ENTRY--PERSONAL NAME | |
| Personal name | Bible - Dan Gweetaawu (Yacouba) |
| 600 10 - SUBJECT ADDED ENTRY--PERSONAL NAME | |
| Personal name | Dan language - Texts. |
| 600 10 - SUBJECT ADDED ENTRY--PERSONAL NAME | |
| Personal name | Bible. N.T. Dan. 1992. |
| 600 10 - SUBJECT ADDED ENTRY--PERSONAL NAME | |
| Personal name | Bible. N.T. Dan Gweetaawu (Yacouba). 199. |
| 700 1# - ADDED ENTRY--PERSONAL NAME | |
| Personal name | Association Ivoirienne pour la Traductio. |
| 852 ## - LOCATION/CALL NUMBER | |
| -- | 12.00 |
| 852 ## - LOCATION/CALL NUMBER | |
| -- | 20.00 |
| Withdrawn status | Lost status | Source of classification or shelving scheme | Damaged status | Not for loan | Collection code | Home library | Current library | Shelving location | Date acquired | Full call number | Barcode | Date last seen | Copy number | Price effective from | Koha item type | Source of acquisition | Cost, normal purchase price |
|---|---|---|---|---|---|---|---|---|---|---|---|---|---|---|---|---|---|
| Library of Congress Classification | Reference | AIU/NEGST - Tony Wilmot Memorial Library | AIU/NEGST - Tony Wilmot Memorial Library | Reference | 10/05/2009 | REF BS 325.D36 1992 | R36607J3232 | 09/26/2019 | 1 | 10/05/2009 | Africana collection ( Reference) | ||||||
| Library of Congress Classification | Special Collection | AIU/NEGST - Tony Wilmot Memorial Library | AIU/NEGST - Tony Wilmot Memorial Library | Special Collection | 06/21/2016 | S BS 325.D36 1992 | T00029W3232 | 09/26/2019 | 2 | 07/31/2018 | Africana Collection (Special) | Donation- SIL Sudan | 30.00 |
